000 01004nas a2200253Ia 4500
001 R142/F1975
003 IT-RoPAU
008 151124c99999999xx |||||||||||| ||und||
040 _aIT-RoPAU
040 _cIT-RoPAU
041 _aFRANCESE
100 _aAlleres Danielle
_gCodice Aut. SPICS: 37131
210 _aRESEAUX
222 _aReseaux
245 _aRESEAUX, N.088/089 (MARZO/GIUGNO 1998)
_bPropriete' Intellectuelle Dans L'Univers Du Luxe (La)
250 _a1a ed.
260 _aPARIS
_bCNET
_c1998
501 _bPaulus - SPICS - Società San Paolo EM (non-commercial uses only)
_cCopyright2015
300 _a12 p. [139-150]
362 _aN.088/089 (MARZO/GIUGNO 1998)
500 _aProprietà Intellettuale nel Mondo del Lusso. Lusso e Contraffazione. Industria del Lusso Quella più Contraffatta. Contraffazioni Diversificate dei Prodotti di Lusso. Larga Protezione dei Prodotti di Lusso. Lotta Alla Contraffazione.
650 _aCOMUNICAZIONE
_vPUBBLICAZIONE PERIODICA
942 _cCR
999 _c194369
_d194369